000 007830000a22002410004500
003 LK-CoMWRAF
008 230817t ||||| |||| 00| 0 eng d
020 _a9551086081
040 _aLK-CoMWRAF
_dLK-CoMWRAF
_eLK-CoMWRAF
041 _aeng
100 _aSarvananthan, Muttukrishna
245 _aInformal Economy in the Conflict Region of Sri Lanka: An Exploration
_bWorking Paper 06
260 _bPoint Pedro Institute of Development
_aPoint Pedro (Sri Lanka)
_c2006
300 _ap.18
490 _aPPID Working Paper Series
650 _aCauses of Informal Economy
650 _aExtent of Informal Economy
650 _aLTTE's Income
650 _aPolicies to Combat Informal Economy
650 _aProvincial GDP
650 _aSectoral Composition of PGDP
942 _cBK
999 _c2280
_d2280